|
|
|
|
| LEADER |
00000nab a2200000 a 4500 |
| 001 |
vtls000537149 |
| 003 |
SK-MaSNL |
| 005 |
20260304220031.0 |
| 008 |
250425c1994 xo 0 slo |
| 015 |
|
|
|a SNBRB19rr/mm-uuuuu
|
| 035 |
|
|
|a CL0537287
|
| 035 |
|
|
|a urn:nbn:sk:snk-ab7fu5
|
| 035 |
|
|
|a (urnnbn)urn:nbn:sk:snk:ar-005dwy
|
| 035 |
|
|
|a (uuid)662e8d85-20b2-4a53-a1b2-ce0ab103b7b0
|
| 040 |
|
|
|a SNKBUCL
|b slo
|c SNKBUCL
|e AACR2
|
| 041 |
0 |
|
|a slo
|
| 044 |
|
|
|a xo
|c SK
|
| 080 |
|
|
|a 616.71-007.233:616.717.5-001.5
|2 1981
|
| 080 |
|
|
|a 616.717.5-001.5
|2 1981
|
| 100 |
1 |
|
|a Štefanec, F.
|4 aut
|9 1120593
|
| 245 |
1 |
0 |
|a Zlomenina distálneho konca rádia a postmenopauzálna osteoporóza - ich klinická korelácia z nášho pohľadu
|c F. Štefanec
|
| 300 |
|
|
|b Tab. 3, res. angl., nem., slov., lit. 7 zázn. v angl., češ., franc., slov.
|
| 650 |
0 |
7 |
|a postmenopauzálna osteoporóza
|2 snkbucl
|9 158806
|
| 650 |
0 |
7 |
|a vretenná kosť
|2 snkbucl
|9 123769
|
| 650 |
0 |
7 |
|a zlomeniny kosti vretennej
|2 snkbucl
|9 1551294
|
| 655 |
|
7 |
|a články z novín a časopisov
|2 snkbucl
|9 267496
|
| 773 |
0 |
|
|t Rehabilitácia
|g Roč. 27, č. 4 (1994), s. 214-217
|x 0375-0922
|
| 850 |
|
|
|a Slovenská národná knižnica
|
| 852 |
|
|
|a Slovenská národná knižnica
|
| 954 |
|
|
|a odborná, vedecká literatúra pôvodná (slovenská)
|2 lita
|
| 958 |
|
|
|a article7
|
| 958 |
|
|
|a OND
|
| 958 |
|
|
|a NB
|
| 958 |
|
|
|a RK
|
| 958 |
|
|
|a MI
|
| 958 |
|
|
|a EUIPO
|
| 992 |
|
|
|a RBX
|
| 999 |
|
|
|c 3149539
|d 3151469
|